Espiritu en carne altiva /
| Hovedforfatter: | |
|---|---|
| Format: | Bog |
| Sprog: | spansk |
| Udgivet: |
San José, C.R. :
Editorial de la Universidad de Costa Rica,
1997
|
| Fag: |
MARC
| LEADER | 00000nam a2200000Ia 4500 | ||
|---|---|---|---|
| 008 | 180528b1997 cr ||||| |||| 00| 0 spa d | ||
| 999 | |c 1062 |d 1062 | ||
| 020 | |a 9977-67-480-9 | ||
| 090 | |a 05.03.07 |b 1071 | ||
| 100 | |a Macaya Trejos, Emilia |9 3676 | ||
| 245 | 1 | 0 | |a Espiritu en carne altiva / |c Emilia Macaya Trejos |
| 260 | |a San José, C.R. : |b Editorial de la Universidad de Costa Rica, |c 1997 | ||
| 300 | |a 189 páginas | ||
| 600 | 4 | |9 3677 |a OREAMUNO YOLANDA | |
| 650 | 1 | 4 | |a FEMINISMO |9 324 |
| 650 | 1 | 4 | |a MUJERES |9 55 |
| 942 | |i 001731 |h 05.03.07 1071 |2 z |c 01 | ||
